Top 50 Countries with the most Olympic medals - Statistics

General Stats
  • This quiz has been taken 90 times
  • The average score is 42 of 50
Answer Stats
Rank Answer % Correct
1 United States
100%
5 Great Britain
99%
14 Australia
98%
34 Brazil
98%
3 China
98%
6 France
98%
7 Italy
98%
10 Japan
98%
9 Norway
98%
16 Canada
96%
8 Sweden
96%
36 United Team of Germany
96%
18 South Korea
95%
27 Spain
95%
45 Argentina
94%
4 Germany
94%
20 Austria
93%
25 New Zealand
93%
43 ROC
93%
11 Russia
93%
30 Denmark
91%
17 Finland
91%
2 Soviet Union
90%
28 Unified Team
90%
23 Poland
89%
33 Turkey
89%
39 South Africa
88%
15 Netherlands
86%
31 Belgium
83%
37 Greece
83%
21 Romania
83%
42 Yugoslavia
83%
13 Hungary
81%
19 Switzerland
81%
32 Ukraine
81%
38 Czech Republic
78%
26 Bulgaria
76%
40 Jamaica
76%
12 East Germany
75%
47 Croatia
74%
22 Cuba
74%
35 Kenya
74%
44 Ethiopia
71%
29 Czechoslovakia
66%
41 Iran
64%
24 West Germany
60%
46 Belarus
58%
49 Kazakhstan
56%
50 North Korea
56%
48 Uzbekistan
39%
No matching quizzes found
Score Distribution
Percent of People with Each Score
Percentile by Number Answered
Your Score History
You have not taken this quiz